El camino hacia la libertad y lo que hay más allá / (Record no. 134596)

MARC details
000 -LEADER
campo de control de longitud fija 00779nam a2200229 i 4500
001 - NÚMERO DE CONTROL
campo de control 134596
003 - IDENTIFICADOR DE NÚMERO DE CONTROL
campo de control ES-MaACL
005 - FECHA Y HORA DE LA ÚLTIMA TRANSACCIÓN
campo de control 20230906194715.0
007 - CAMPO FIJO DE DESCRIPCIÓN FÍSICA--INFORMACIÓN GENERAL
campo de control de longitud fija t|
008 - DATOS DE LONGITUD FIJA--INFORMACIÓN GENERAL
campo de control de longitud fija 070912q1912 sp ||||1| spa d
100 1# - ENTRADA PRINCIPAL--NOMBRE DE PERSONA
Nombre de persona Wedgood, Josiah.
9 (RLIN) 116286
245 13 - MENCIÓN DEL TÍTULO
Título El camino hacia la libertad y lo que hay más allá /
Mención de responsabilidad, etc. Josiah y Ethel Wedgood ; traducción directa del inglés por Manuel Vallvé.
260 ## - PUBLICACIÓN, DISTRIBUCIÓN, ETC.
Lugar de publicación, distribución, etc. Barcelona :
Nombre del editor, distribuidor, etc. El Consultor Bibliográfico,
Fecha de publicación, distribución, etc. [1912?]
300 ## - DESCRIPCIÓN FÍSICA
Extensión 206 p. ;
Dimensiones 18 cm.
490 1# - MENCIÓN DE SERIE
Mención de serie Biblioteca Georgista ;
Designación de volumen o secuencia 16
650 ## - PUNTO DE ACCESO ADICIONAL DE MATERIA--TÉRMINO DE MATERIA
Término de materia o nombre geográfico como elemento de entrada Civilización-
Subdivisión general Filosofía.
9 (RLIN) 11081
700 1# - ENTRADA AGREGADA--NOMBRE PERSONAL
Nombre de persona Wedgood, Ethel.
9 (RLIN) 116285
700 1# - ENTRADA AGREGADA--NOMBRE PERSONAL
Nombre de persona Vallvé, Manuel.
9 (RLIN) 112961
830 0# - PUNTO DE ACCESO ADICIONAL DE SERIE-TÍTULO UNIFORME
Título uniforme Biblioteca Georgista ;
Designación de volumen o secuencia 16
9 (RLIN) 186550
852 ## - LOCALIZACIÓN
Ubicación ES-MaACL
Número de control de estantería A-1137
Holdings
Estatus retirado Estado de pérdida Estado de daño No para préstamo Biblioteca de origen Biblioteca actual Ubicación en estantería Fecha de adquisición Fuente de adquisición Total de préstamos Signatura topográfica completa Código de barras Visto por última vez Precio de reemplazo Tipo de ítem Koha
        Biblioteca del Ateneo de Madrid Biblioteca del Ateneo de Madrid Sala Pecera Planta 1 17/01/2008     A-1137 1140097 23/02/2023 23/02/2023 Libro impreso